|
|
|
|
| LEADER |
00000nab a2200000 a 4500 |
| 001 |
vtls010113932 |
| 003 |
SK-MaSNL |
| 005 |
20260304234102.0 |
| 008 |
250507c2010 xo |||||||| ||00 b|slo |
| 015 |
|
|
|a SNBRB2010/07
|2 snkbucl
|
| 035 |
|
|
|a (uuid)06d7ca57-7c57-41b3-8d7c-ea3b2b208019
|
| 035 |
|
|
|a urn:nbn:sk:snk-abac5z
|
| 035 |
|
|
|a (urnnbn)urn:nbn:sk:snk:ar-00887c
|
| 038 |
|
|
|a SNKBUCL
|
| 040 |
|
|
|a SNKBUCL
|b slo
|c SNKBUCL
|e AACR2
|
| 041 |
0 |
|
|a slo
|
| 044 |
|
|
|a xo
|c SK
|
| 080 |
|
|
|a 32-051
|2 1997
|
| 080 |
|
|
|a 78.071.2:792.564
|2 1997
|
| 080 |
|
|
|a 008
|x (437.6)
|2 1997
|
| 100 |
1 |
|
|a Maťašík, Andrej,
|d 1953-2017
|4 ivr
|4 aut
|9 102086
|
| 245 |
1 |
0 |
|a Hnevá ma, keď čakáme
|b hovoríme s podpredsedom Výboru NR SR pre kultúru a médiá Dušanom Jarjabkom
|c [zhováral sa] Andrej Maťašík
|
| 300 |
|
|
|b Fotogr.
|
| 600 |
1 |
7 |
|a Jarjabek, Dušan,
|d 1953-
|2 snkbucl
|9 119558
|
| 650 |
0 |
7 |
|a slovenská kultúra
|2 snkbucl
|9 54525
|
| 650 |
0 |
7 |
|a kultúrna politika
|2 snkbucl
|9 66926
|
| 651 |
|
7 |
|a Slovensko
|2 snkbucl
|
| 655 |
|
7 |
|a rozhovory
|2 snkbucl
|9 31831
|
| 700 |
1 |
|
|a Jarjabek, Dušan,
|d 1953-
|4 ive
|9 119558
|
| 773 |
0 |
|
|t Literárny (dvoj)týždenník
|g Roč. XXIII, č. 19-20 (2010), s. 8-9
|x 0862-5999
|
| 850 |
|
|
|a Slovenská národná knižnica
|
| 852 |
|
|
|a Slovenská národná knižnica
|
| 954 |
|
|
|a odborná, vedecká literatúra pôvodná (slovenská)
|2 lita
|
| 958 |
|
|
|a article14
|
| 958 |
|
|
|a OND
|
| 958 |
|
|
|a EUIPO
|
| 999 |
|
|
|c 3202011
|d 3203941
|